[Event "Canadian op U1600 48th"]
[Site "Toronto"]
[Date "2011.07.11"]
[Round "3"]
[White "Blium, Benjamin"]
[Black "Siu, Wayne"]
[Result "0-1"]
[WhiteElo "1382"]
[BlackElo "1527"]
[PlyCount "77"]
[EventDate "2011.07.09"]
[EventType "swiss"]
[EventRounds "9"]
[EventCountry "CAN"]
[SourceTitle "EXT 2022"]
[Source "ChessBase"]
[SourceDate "2021.10.06"]
[SourceVersion "1"]
[SourceVersionDate "2021.10.06"]
[SourceQuality "1"]

1. e4 d5 2. d4 dxe4 3. Nc3 Nf6 4. f3 Bf5 5. fxe4 Nxe4 6. Be3 e6 7. Bd3 Bb4 8. Nge2 0-0 9. 0-0 Nd6 10. Ng3 Bxd3 11. Qxd3 f5 12. d5 Bxc3 13. bxc3 e5 14. Bc5 Nd7 15. Bxd6 cxd6 16. Rxf5 Qb6+ 17. Kh1 Rxf5 18. Qxf5 Nf6 19. Rf1 Rf8 20. Nh5 Qd8 21. Qe6+ Kh8 22. Nxf6 Rxf6 23. Rxf6 gxf6 24. g4 Kg7 25. Qf5 Qe7 26. Kg2 b5 27. Kf3 Qc7 28. Qd3 a6 29. a3 Qc5 30. Ke4 Qxa3 31. g5 Qa4+ 32. Kf5 Kf7 33. Qe3 Qf4+ 34. Qxf4 exf4 35. Kxf4 fxg5+ 36. Ke3 Kf6 37. Kd4 h5 38. c4 bxc4 39. Kxc4 0-1